<?xml version="1.0" encoding="UTF-8"?>
<collection xmlns="http://www.loc.gov/MARC21/slim">
 <record>
  <leader>00342pamaa2200133   4500</leader>
  <controlfield tag="001">0000023134</controlfield>
  <controlfield tag="005">20090610090000.0</controlfield>
  <datafield tag="020" ind1="0" ind2="0">
   <subfield code="a">&lt;nil&gt; </subfield>
  </datafield>
  <datafield tag="090" ind1="0" ind2="0">
   <subfield code="a">QA76.76.I59 </subfield>
   <subfield code="b">MAC [?]</subfield>
  </datafield>
  <datafield tag="245" ind1="0" ind2="0">
   <subfield code="a">Macromedia director 6 and lingo authorized two books in one.</subfield>
  </datafield>
  <datafield tag="300" ind1=" " ind2=" ">
   <subfield code="a">220p.: </subfield>
   <subfield code="b">ill.; </subfield>
   <subfield code="c">25cm.</subfield>
  </datafield>
  <datafield tag="650" ind1="0" ind2="0">
   <subfield code="a">Macromedia authoware </subfield>
  </datafield>
  <datafield tag="650" ind1="0" ind2="0">
   <subfield code="a">Computer program </subfield>
  </datafield>
 </record>
</collection>
